| 000 | 00621nam a22001817a 4500 | ||
|---|---|---|---|
| 003 | CEME | ||
| 005 | 20210628201803.0 | ||
| 008 | 210216b xxu||||| |||| 00| 0 eng d | ||
| 020 | _a0-19-511009-9 | ||
| 040 | _c. | ||
| 082 | _a621.382 LAT | ||
| 100 |
_aLathi, B.P _9734 |
||
| 245 | _aModern digital and analog communication systems | ||
| 260 |
_aNEW YORK _bOXFORD UNIVERSITY PRESS _c1998 |
||
| 300 | _aXIII,781P | ||
| 650 |
_aTELECOMMUNICATION SYSTEMS DIGITAL COMMUNICATIONS STATISTICAL COMMUNICATION THEORY DIGITAL AND ANALOG COMMUNICATION SYSTEMS COMMUNICATION SYSTEMS-DIGITAL AND ANALOG _956839 |
||
| 942 |
_cBK _2ddc |
||
| 999 |
_c567178 _d567178 |
||